000 00499nam a2200181Ia 4500
005 20250326124049.0
008 250326s9999 xx 000 0 und d
037 _aTextbook
040 _aFMSL
_beng
_cFMSL
041 _aeng
_2eng
084 _aX.4 L6
_qFMSL
100 _aChufrin G
245 0 _aEconomic cooperation and collective security in Asia
_cChufrin G
260 _aNew Delhi
_bNew Delhi, Vikas
_c1976
300 _a142p
942 _cTB
_hX.4 L6
999 _c1272115
_d1272115